Historia del doctor Johann Fausto
Guardat en:
| Autor principal: | |
|---|---|
| Format: | Llibre |
| Idioma: | espanyol |
| Publicat: |
Madrid
Siruela
1944
|
| Col·lecció: | La biblioteca sumergida
|
| Matèries: | |
| Etiquetes: |
Afegir etiqueta
Sense etiquetes, Sigues el primer a etiquetar aquest registre!
|
MARC
| LEADER | 00000nam a2200000 a 4500 | ||
|---|---|---|---|
| 001 | UCY5236 | ||
| 003 | CL-VaPUC | ||
| 008 | 950420e19440000SP |||||||||||||||||spa|d | ||
| 082 | 0 | 4 | |a 809 |b SOL |2 21 |
| 100 | 0 | |a Solar, Juan Jose del |e author |9 333911 | |
| 245 | 1 | 0 | |a Historia del doctor Johann Fausto |
| 300 | |a 215 p | ||
| 942 | |c BK | ||
| 945 | |d 19950420 00:00:00 |a oaravena | ||
| 260 | |a Madrid |b Siruela |c 1944 | ||
| 650 | 0 | |a Literatura medieval |9 266338 | |
| 583 | |a last modification |c 19950420 00:00:00 |k Rodrigo Vera | ||
| 490 | 0 | |a La biblioteca sumergida | |
| 999 | |c 232936 |d 232934 | ||
| 952 | |0 0 |1 0 |4 0 |6 809_000000000000000_SOL_1944 |7 0 |8 A |9 237946 |a BIBART |b BIBART |d 2019-11-18 |i 3073408 |o 809 SOL 1944 |p 3073408 |r 2025-03-13 |w 2019-11-18 |y BK |k ART | ||